Statistics for NBA Top 10 League Leaders of the 2020s

Click here to take the quiz!

General Stats

  • This quiz has been taken 16,688 times
    (1,642 since last reset)
  • The average score is 35 of 56

Answer Stats

# CategoriesPlayer% Correct
1LeBron James
98%
1Stephen Curry
98%
3Giannis Antetokounmpo
96%
3Luka Dončić
96%
6Nikola Jokić
96%
1James Harden
91%
1Joel Embiid
90%
2Anthony Davis
89%
4Jayson Tatum
88%
2Damian Lillard
87%
1Jaylen Brown
85%
2Trae Young
85%
3Rudy Gobert
83%
1Devin Booker
82%
1Russell Westbrook
82%
3Dejounte Murray
81%
2Chris Paul
80%
2Jimmy Butler
80%
1Shai Gilgeous-Alexander
78%
2Donovan Mitchell
75%
3Domantas Sabonis
72%
2DeMar DeRozan
71%
1De'Aaron Fox
69%
1Tyrese Haliburton
69%
3Bam Adebayo
68%
1Jrue Holiday
66%
1Jaren Jackson Jr.
65%
2Brook Lopez
60%
1Kristaps Porzingis
60%
1Pascal Siakam
60%
2Buddy Hield
58%
1Aaron Gordon
57%
2Jarrett Allen
57%
1Julius Randle
57%
1Marcus Smart
55%
1CJ McCollum
54%
2Nikola Vučević
54%
3Clint Capela
52%
1Duncan Robinson
51%
2Mikal Bridges
51%
2Mitchell Robinson
51%
1Myles Turner
49%
1Tobias Harris
46%
2Fred VanVleet
45%
1Harrison Barnes
42%
1Jonas Valančiūnas
41%
1K. Caldwell-Pope
40%
1Ivica Zubac
36%
1OG Anunoby
34%
2Daniel Gafford
32%
1Nic Claxton
31%
1P.J. Tucker
31%
1Matisse Thybulle
25%
1Tim Hardaway Jr.
24%
1Jakob Poeltl
21%
1Jae Crowder
19%

Score Distribution

Percentile by Number Answered

Percent of People with Each Score

Your Score History

You have not taken this quiz since the last reset